| 000 | 00810nam a2200193 a 4500 | ||
|---|---|---|---|
| 001 | 000019626 | ||
| 005 | 20200929170100.0 | ||
| 008 | 100701s1994 pr 000 0 spa d | ||
| 040 |
_aDO-SdBNP _bspa _cBNPHU |
||
| 082 |
_annnn _bA461c |
||
| 100 | 1 |
_aAlsina Orozco, Amalia, _942066 |
|
| 245 | 1 | 4 |
_aLos congresos pro-independencia / _cAmalia Alsina Orozco. |
| 260 |
_aPuerto Rico : _bCentro de estudios avanzados de Puerto Rico y el Caribe, _c1994. |
||
| 300 |
_a148 p. ; _c23 cm. |
||
| 500 | _aEn la portada: Tesis sometida al Centro de Estudios Avanzados de Puerto Rico y el Caribe, para optar al grado de maestría en artes. | ||
| 500 | _aIncluye referencia biográfica del autor en la solapa de la portada. | ||
| 504 | _aIncluye referencias bibliográficas y notas al pie de las páginas. | ||
| 049 | _aBNGR | ||
| 999 |
_c19142 _d19142 |
||